[Event "SLO-ch U16"]
[Site "Slovenia"]
[Date "2010.??.??"]
[Round "1"]
[White "Mejak, Severin"]
[Black "Mlakar, Marko"]
[Result "1-0"]
[WhiteElo "1995"]
[BlackElo "1725"]
[PlyCount "105"]
[EventDate "2010.??.??"]
[EventType "swiss"]
[EventRounds "9"]
[EventCountry "SLO"]
[SourceTitle "EXT 2012"]
[Source "ChessBase"]
[SourceDate "2011.11.24"]
[SourceVersion "1"]
[SourceVersionDate "2011.11.24"]
[SourceQuality "1"]

1. c4 e6 2. g3 d5 3. Nf3 Nf6 4. Bg2 Be7 5. b3 c5 6. 0-0 0-0 7. cxd5 exd5 8. d4 b6 9. Bb2 Bb7 10. Nc3 Nc6 11. Rc1 Qd6 12. dxc5 bxc5 13. Ba3 Qe6 14. Na4 Ba6 15. Re1 c4 16. Bxe7 Qxe7 17. Nd4 Nxd4 18. Qxd4 cxb3 19. axb3 Rfd8 20. Nc3 Qe6 21. Red1 Bb7 22. Rd2 a6 23. Rcd1 Rd7 24. Na4 Rd6 25. e4 Nd7 26. exd5 Qf5 27. Qb4 Qf6 28. Qxb7 Rb8 29. Qc7 Rxb3 30. Nc5 Nxc5 31. Qxc5 Rb8 32. Re1 g6 33. Ra2 Ra8 34. Rea1 Qe5 35. Qe3 Qf5 36. Qe7 Rd7 37. Qc5 Qe5 38. Rxa6 Rad8 39. Ra8 Kg7 40. Qe3 Qc7 41. Rxd8 Rxd8 42. Rd1 Qd6 43. Qd4+ Kg8 44. Qf4 Qc5 45. Rc1 Qe7 46. Rc7 Qe1+ 47. Bf1 Qe8 48. d6 Qf8 49. Bc4 Rxd6 50. Rxf7 Rd1+ 51. Kg2 Qa8+ 52. Rb7+ Kh8 53. Qf6# 1-0

[Event "SLO-ch U16"]
[Site "Rogaska Slatina"]
[Date "2009.02.26"]
[Round "8"]
[White "Sterk, Andraz"]
[Black "Mlakar, Marko"]
[Result "1-0"]
[WhiteElo "1500"]
[BlackElo "1500"]
[PlyCount "107"]
[EventDate "2009.02.22"]
[EventType "swiss"]
[EventRounds "9"]
[EventCountry "SLO"]
[SourceTitle "CBM 129 Extra"]
[Source "ChessBase"]
[SourceDate "2009.05.05"]
[SourceVersion "2"]
[SourceVersionDate "2009.05.20"]
[SourceQuality "1"]

1. c4 e6 2. Nc3 Nf6 3. g3 d5 4. cxd5 exd5 5. d4 Nc6 6. Bg2 Be7 7. Bd2 Bf5 8. Nf3 Ne4 9. 0-0 Nxd2 10. Qxd2 Be4 11. e3 0-0 12. Rfc1 Bb4 13. a3 Bxc3 14. Rxc3 Qf6 15. Qe2 Rac8 16. Rac1 Qe7 17. Qb5 Nd8 18. Qa5 Nc6 19. Qa4 a6 20. Qb3 Na5 21. Qa4 Nc4 22. Qb3 Na5 23. Qd1 Bxf3 24. Bxf3 c6 25. Bxd5 Rfd8 26. Bg2 b5 27. a4 Rd6 28. axb5 axb5 29. Ra1 Nc4 30. Qc2 Qb7 31. b3 Nb6 32. Rc1 Nd5 33. Bxd5 Rxd5 34. Rxc6 Rxc6 35. Qxc6 Qxc6 36. Rxc6 g6 37. Kf1 h5 38. Ke2 Kf8 39. Kd3 Ke8 40. e4 Rd7 41. Rb6 Ra7 42. Rxb5 Ra2 43. Ke3 Kd8 44. Rc5 Rb2 45. Rc3 g5 46. h3 Kd7 47. f4 f6 48. fxg5 fxg5 49. Kf3 Rd2 50. d5 Kd6 51. Rc6+ Ke5 52. Ke3 Rxd5 53. exd5 Kxd5 54. Rh6 1-0

[Event "SLO-ch U16"]
[Site "Rogaska Slatina"]
[Date "2009.02.22"]
[Round "1"]
[White "Brcar, Ales"]
[Black "Mlakar, Marko"]
[Result "1-0"]
[WhiteElo "1852"]
[BlackElo "1500"]
[PlyCount "65"]
[EventDate "2009.02.22"]
[EventType "swiss"]
[EventRounds "9"]
[EventCountry "SLO"]
[SourceTitle "CBM 129 Extra"]
[Source "ChessBase"]
[SourceDate "2009.05.05"]
[SourceVersion "2"]
[SourceVersionDate "2009.05.20"]
[SourceQuality "1"]

1. e4 e5 2. Nf3 Nc6 3. Bb5 Nf6 4. Qe2 a6 5. Ba4 b5 6. Bb3 Bc5 7. d3 h6 8. Be3 Qe7 9. c3 Ng4 10. Bxc5 Qxc5 11. 0-0 Qe7 12. Nbd2 d6 13. a4 Bb7 14. Rfe1 0-0 15. Nf1 Nf6 16. Ng3 Qd7 17. Nf5 Ne7 18. Nxe7+ Qxe7 19. Nh4 Kh8 20. Nf5 Qe8 21. Qf3 Bc8 22. Nxh6 Be6 23. Bc2 Qe7 24. Nf5 Qd7 25. d4 c6 26. Rad1 Qc8 27. Nxd6 Qc7 28. Nf5 g6 29. Qh3+ Nh7 30. Qh6 gxf5 31. exf5 Bd5 32. f6 e4 33. Qg7# 1-0

[Event "SLO-ch U16"]
[Site "Postojna"]
[Date "2008.02.28"]
[Round "7"]
[White "Janzekovic, Filip"]
[Black "Mlakar, Marko"]
[Result "1/2-1/2"]
[WhiteElo "1500"]
[BlackElo "1500"]
[PlyCount "68"]
[EventDate "2008.02.24"]
[EventType "swiss"]
[EventRounds "9"]
[EventCountry "SLO"]
[SourceTitle "EXT 2010"]
[Source "ChessBase"]
[SourceDate "2010.11.25"]
[SourceVersion "1"]
[SourceVersionDate "2010.11.25"]
[SourceQuality "1"]

1. e4 e5 2. Nf3 Nc6 3. Bc4 Bc5 4. b4 Bb6 5. c3 Nf6 6. d3 h6 7. a4 a6 8. 0-0 d6 9. h3 Be6 10. Nbd2 0-0 11. Qb3 Qd7 12. Bb2 d5 13. exd5 Nxd5 14. b5 Na5 15. Qc2 f6 16. Ba2 Nf4 17. Bxe6+ Nxe6 18. c4 Nd4 19. Nxd4 Bxd4 20. Bxd4 exd4 21. Rfe1 Rfe8 22. Nf3 c5 23. Qd2 Nb3 24. Qc2 Nxa1 25. Rxa1 axb5 26. cxb5 Rec8 27. Nd2 Qd5 28. Nc4 Qe6 29. Kf1 Re8 30. a5 Re7 31. Qd1 Rae8 32. Nd2 b6 33. a6 Ra7 34. Nc4 Kh7 1/2-1/2